[Event "2nd Longtou Cup 2019"]
[Site "Qinhuangdao CHN"]
[Date "2019.04.17"]
[Round "2.9"]
[White "Sarukhanyan, Samvel"]
[Black "Dai, Changren"]
[Result "0-1"]
[BlackTitle "IM"]
[WhiteElo "2038"]
[BlackElo "2472"]
[WhiteFideId "24138983"]
[BlackFideId "8608156"]
[EventDate "2019.04.16"]

1. e4 c5 2. Nf3 Nc6 3. d4 cxd4 4. Nxd4 Nf6 5. Nc3 d6 6. Be2 g6 7. g4 Bg7 8. Be3
Qa5 9. Nb3 Qe5 10. f4 Qe6 11. f5 Qe5 12. Qd3 Nb4 13. Qb5+ Qxb5 14. Bxb5+ Bd7 15.
O-O-O Nxa2+ 16. Nxa2 Bxb5 17. Nc3 Bc6 18. Bd4 O-O 19. Nd5 Bxd5 20. Bxf6 Bxb3 21.
Bxg7 Kxg7 22. cxb3 Rfc8+ 23. Kb1 Rc5 24. Rhf1 f6 25. h4 Re5 26. Rd4 Rc8 27. Rf2
b5 28. Rf1 a5 29. Rc1 Rxc1+ 30. Kxc1 h5 31. gxh5 gxf5 32. exf5 Rxf5 33. Rg4+ Kh7 0-1

[Event "2nd Longtou Cup 2019"]
[Site "Qinhuangdao CHN"]
[Date "2019.04.17"]
[Round "2.10"]
[White "Oleksiyenko, Mykhaylo"]
[Black "Tuvsanaa, Nyamaa"]
[Result "1-0"]
[WhiteTitle "GM"]
[BlackTitle "FM"]
[WhiteElo "2598"]
[BlackElo "2212"]
[WhiteFideId "4152417"]
[BlackFideId "4900413"]
[EventDate "2019.04.16"]

1. e4 e6 2. d4 d5 3. Nd2 Be7 4. e5 c5 5. c3 Nc6 6. Bd3 f5 7. Ne2 Nh6 8. Nf3 Nf7
9. h4 Bd7 10. Nf4 cxd4 11. cxd4 Qb6 12. O-O Nxd4 13. Nxd4 Qxd4 14. Nxe6 Qxh4 15.
g3 Qh3 16. Bxf5 Bxe6 17. Qa4+ 1-0

[Event "2nd Longtou Cup 2019"]
[Site "Qinhuangdao CHN"]
[Date "2019.04.17"]
[Round "2.11"]
[White "Zhang, Xiao"]
[Black "Can, Emre"]
[Result "0-1"]
[BlackTitle "GM"]
[WhiteElo "2141"]
[BlackElo "2599"]
[WhiteFideId "8610894"]
[BlackFideId "6302181"]
[EventDate "2019.04.16"]

1. d4 g6 2. c4 Bg7 3. Nc3 c5 4. d5 Bxc3+ 5. bxc3 f5 6. h4 Nf6 7. h5 Rg8 8. hxg6
hxg6 9. Nf3 Qa5 10. Qc2 d6 11. Ng5 Nbd7 12. Bf4 Nb6 13. e3 Bd7 14. Bd3 Qa4 15.
Qxa4 Nxa4 16. Kd2 a6 17. Rab1 b5 18. cxb5 axb5 19. Bxb5 Nxd5 20. c4 Nc7 21. Bxa4
Bxa4 22. Rb7 Kd7 23. Ne6 Kxe6 24. Rxc7 Bd7 25. Rh7 Rxa2+ 26. Kd3 Rga8 0-1

[Event "2nd Longtou Cup 2019"]
[Site "Qinhuangdao CHN"]
[Date "2019.04.17"]
[Round "2.12"]
[White "Zhang, Lanlin"]
[Black "Karthik, Venkataraman"]
[Result "0-1"]
[BlackTitle "GM"]
[WhiteElo "2192"]
[BlackElo "2505"]
[WhiteFideId "8608032"]
[BlackFideId "25006479"]
[EventDate "2019.04.16"]

1. e4 c5 2. Nf3 d6 3. d4 Nf6 4. Nc3 cxd4 5. Nxd4 a6 6. Be2 e6 7. O-O Be7 8. Kh1
Nc6 9. f4 Bd7 10. Be3 O-O 11. a4 Rc8 12. Nb3 e5 13. f5 Nb4 14. Rf2 Bc6 15. Bf3
d5 16. exd5 Nbxd5 17. Bxd5 Nxd5 18. Nxd5 Qxd5 19. Qg4 Qe4 20. Qxe4 Bxe4 21. c3
Rfd8 22. Bb6 Rd3 23. Re2 Bd5 24. Nd2 Rc6 25. Bf2 g6 26. Nf1 f6 27. Ne3 Bb3 28.
g4 Bc5 29. h3 Rcd6 30. a5 Rd2 31. Rae1 R6d3 32. Kg1 Ba4 33. Nc4 Bxf2+ 34. Rxf2
Rxf2 35. Kxf2 gxf5 36. Re3 Rxe3 37. Kxe3 f4+ 38. Ke4 Kf7 0-1

[Event "2nd Longtou Cup 2019"]
[Site "Qinhuangdao CHN"]
[Date "2019.04.17"]
[Round "2.13"]
[White "Mikhalev, Dmitry"]
[Black "Li, Yunshan"]
[Result "0-1"]
[WhiteTitle "FM"]
[BlackTitle "WFM"]
[WhiteElo "2360"]
[BlackElo "2191"]
[WhiteFideId "4183134"]
[BlackFideId "8607664"]
[EventDate "2019.04.16"]

1. d4 Nf6 2. c4 g6 3. Nc3 d5 4. Nf3 Bg7 5. Bg5 Ne4 6. cxd5 Nxg5 7. Nxg5 e6 8.
Nf3 exd5 9. e3 O-O 10. b4 c6 11. Bd3 f5 12. O-O f4 13. e4 dxe4 14. Qb3+ Kh8 15.
Bxe4 Bg4 16. Rad1 Qf6 17. Rd3 Nd7 18. b5 c5 19. Bxb7 Rab8 20. Bc6 Bxf3 21. Bxd7
cxd4 22. Rxf3 dxc3 23. Qc4 Rbd8 24. Bc6 Qd6 25. g3 Qd2 26. Rxf4 Rxf4 27. Qxf4 c2
28. Be4 Bb2 29. Bxc2 Qxc2 30. Qf7 Qc5 31. a4 Rf8 32. Qb3 Bd4 33. Kg2 Qf5 34. f3
Rc8 35. Rd1 Rc3 36. Qb1 Rc2+ 0-1

[Event "2nd Longtou Cup 2019"]
[Site "Qinhuangdao CHN"]
[Date "2019.04.17"]
[Round "2.15"]
[White "Wu, Wenjin"]
[Black "Kirienko, Vladimir"]
[Result "1-0"]
[WhiteTitle "GM"]
[WhiteElo "2345"]
[BlackElo "2100"]
[WhiteFideId "8600716"]
[BlackFideId "54197457"]
[EventDate "2019.04.16"]

1. Nf3 d5 2. d4 c6 3. c4 Nf6 4. Nbd2 e6 5. Qc2 Nbd7 6. e4 dxe4 7. Nxe4 Nxe4 8.
Qxe4 Nf6 9. Qc2 c5 10. Be3 cxd4 11. O-O-O Qa5 12. Nxd4 Bd7 13. Kb1 Be7 14. Be2
Rc8 15. Qd3 O-O 16. g4 Rfd8 17. g5 Ne8 18. f4 Nd6 19. c5 Nf5 20. Nxf5 exf5 21.
Qd2 Qa4 22. b3 Qa3 23. Qb2 Qb4 24. Rd4 Qxc5 25. Rc1 Qa5 26. Rxc8 Bxc8 27. b4 Qc7
28. Rxd8+ Qxd8 29. Bxa7 b6 30. Bb8 Bb7 31. Be5 Be4+ 32. Ka1 Bf8 33. Qc3 Qd7 34.
Kb2 Qd5 35. a3 Qe6 36. Qd4 Qc6 37. Bc4 b5 38. Bb3 Bh1 39. Qd2 Be4 40. Ka2 Bh1
41. Qd8 Qc1 42. Qd7 1-0

[Event "2nd Longtou Cup 2019"]
[Site "Qinhuangdao CHN"]
[Date "2019.04.17"]
[Round "2.16"]
[White "Bai, Xue"]
[Black "Huang, Renjie"]
[Result "1/2-1/2"]
[WhiteElo "2103"]
[BlackElo "2338"]
[WhiteFideId "8608717"]
[BlackFideId "8610134"]
[EventDate "2019.04.16"]

1. e4 c5 2. Nf3 d6 3. d4 cxd4 4. Nxd4 Nf6 5. Nc3 g6 6. Be3 Bg7 7. f3 O-O 8. Bc4
Nc6 9. Qd2 Bd7 10. h4 h5 11. O-O-O Rc8 12. Bb3 Ne5 13. g4 hxg4 14. h5 Nxh5 15.
Bh6 e6 16. Rdg1 Qf6 17. fxg4 Bxh6 18. Qxh6 Qf4+ 19. Qxf4 Nxf4 20. Rh2 Kg7 21.
Rf1 g5 22. Rd2 a6 23. Nf3 Nxf3 24. Rxf3 Rh8 25. Rxd6 Bc6 26. Rd1 b5 27. Re1 Rh2
28. a3 Rg2 29. Nd1 Rxg4 30. Nf2 Rg2 31. Kb1 f5 32. Nd3 fxe4 33. Rxf4 gxf4 34.
Nxf4 Rf2 35. Nxe6+ Kf6 36. Nc5 Re8 37. Nxa6 e3 38. Nb4 e2 39. Rxe2 Rexe2 40.
Nxc6 Rd2 41. Nb4 Rd1+ 42. Ka2 Rff1 43. Bd5 Ke7 44. Bc6 Rf5 45. Be4 Rg5 46. Bd3
Kd6 47. Kb3 Kc5 48. Na2 Re1 49. Nc3 Kb6 50. Kb4 Ree5 51. Kb3 Rg4 52. Na2 Kc5 53.
Nb4 Re8 54. Na6+ Kb6 55. Nb4 Rd8 56. Kc3 Rd6 57. Kb3 Ka5 58. Na2 Rh4 59. Nb4 Rh3
60. Ka2 Ka4 61. b3+ Ka5 62. Kb2 Kb6 63. Kc3 Kc5 64. Na2 Rh1 65. Kb2 Rxd3 66. b4+
Kc4 67. cxd3+ Kxd3 68. a4 bxa4 69. Ka3 Rh8 1/2-1/2

[Event "2nd Longtou Cup 2019"]
[Site "Qinhuangdao CHN"]
[Date "2019.04.17"]
[Round "2.17"]
[White "Wu, huanghui"]
[Black "Liu, Zexu"]
[Result "1-0"]
[WhiteElo "2217"]
[BlackElo "2098"]
[WhiteFideId "8623929"]
[BlackFideId "8605963"]
[EventDate "2019.04.16"]

1. d4 Nf6 2. c4 g6 3. Nc3 d5 4. cxd5 Nxd5 5. e4 Nxc3 6. bxc3 Bg7 7. Nf3 c5 8.
Be2 O-O 9. O-O b6 10. Qc2 Qc7 11. d5 e6 12. Bb2 exd5 13. exd5 Bf5 14. Qb3 Nd7
15. Nh4 Be4 16. f3 Qf4 17. g3 Qe3+ 18. Rf2 c4 19. Qb5 Bxc3 20. Ng2 Qd4 21. Rd1
Bxb2 22. Rxd4 Bxd4 23. fxe4 c3 24. Bd1 Nf6 25. Qa4 Bc5 26. Kf1 Bxf2 27. Kxf2
Rfe8 28. Bc2 Ng4+ 29. Kf3 f5 30. exf5 Ne5+ 31. Kf4 Rac8 32. Ne3 Kg7 33. Qxa7+
Kf6 34. Qxb6+ Rc6 35. Ng4+ 1-0

[Event "2nd Longtou Cup 2019"]
[Site "Qinhuangdao CHN"]
[Date "2019.04.17"]
[Round "2.18"]
[White "Gu, Tianlu"]
[Black "Li, Haoyu B."]
[Result "1/2-1/2"]
[WhiteTitle "WIM"]
[WhiteElo "2201"]
[BlackElo "2095"]
[WhiteFideId "8603995"]
[BlackFideId "8610169"]
[EventDate "2019.04.16"]

1. e4 c5 2. Nf3 d6 3. d4 cxd4 4. Nxd4 Nf6 5. Nc3 a6 6. g3 e5 7. Nde2 Be7 8. Bg2
O-O 9. O-O Nbd7 10. a4 b6 11. Nd5 Nxd5 12. Qxd5 Rb8 13. Nc3 Bb7 14. Qc4 Rc8 15.
Qe2 Qc7 16. Bh3 Rcd8 17. Rd1 Nf6 18. Bg5 h6 19. Bxf6 Bxf6 20. Nd5 Bxd5 21. Rxd5
Rb8 22. c3 a5 23. Qd3 Rfd8 24. Rd1 Qc6 25. b3 Be7 26. Bf1 Qc8 27. Qf3 Rf8 28.
Bc4 Kh8 29. Re1 f5 30. exf5 Rxf5 31. Qe4 g6 32. Qg4 Kg7 33. f4 Bf8 34. Re4 exf4
35. Rxf5 Qxf5 36. Qxf5 gxf5 37. Rxf4 Be7 38. Rxf5 Bf6 39. Rd5 Bxc3 40. Rxd6 Bb4
41. Re6 Rf8 42. Kg2 Rf6 43. Re5 Bc5 44. h4 Rf2+ 45. Kh3 Rf3 46. Rd5 Rc3 47. Rd7+
Kg6 48. h5+ Kf6 49. Kg4 Ke5 50. Rf7 Bd6 51. Rf5+ Ke4 52. Bd5+ Kd4 53. Bf3 Be5
54. Rf7 Rc7 1/2-1/2

[Event "2nd Longtou Cup 2019"]
[Site "Qinhuangdao CHN"]
[Date "2019.04.17"]
[Round "2.19"]
[White "Li, Guohao"]
[Black "Khvostikov, Sergey"]
[Result "1-0"]
[WhiteElo "2098"]
[BlackElo "2192"]
[WhiteFideId "8619999"]
[BlackFideId "4192583"]
[EventDate "2019.04.16"]

1. d4 Nf6 2. c4 e6 3. Nf3 c5 4. d5 exd5 5. cxd5 d6 6. Nc3 g6 7. e4 Bg7 8. h3 O-O
9. Bd3 b5 10. Nxb5 Nxe4 11. Bxe4 Re8 12. Ng5 Qa5+ 13. Nc3 Ba6 14. Bd2 Qc7 15.
Qf3 h6 16. Ne6 fxe6 17. dxe6 Rxe6 18. O-O-O Rxe4 19. Qxe4 Nc6 20. Qxg6 Ne5 21.
Qe6+ Kh7 22. Bf4 Rd8 23. Bxe5 Bxe5 24. Rhe1 Bg7 25. Nd5 Qb8 26. Nf6+ Kh8 27. Qf5 1-0

[Event "2nd Longtou Cup 2019"]
[Site "Qinhuangdao CHN"]
[Date "2019.04.17"]
[Round "2.22"]
[White "Chen, KaiLin"]
[Black "Ankhchimeg, Bayanmunkh"]
[Result "1/2-1/2"]
[BlackTitle "WIM"]
[WhiteElo "2073"]
[BlackElo "2120"]
[WhiteFideId "8620954"]
[BlackFideId "4900600"]
[EventDate "2019.04.16"]

1. e4 c5 2. Nf3 Nc6 3. d4 cxd4 4. Nxd4 Nf6 5. Nc3 e6 6. Ndb5 d6 7. Bf4 e5 8. Bg5
a6 9. Na3 b5 10. Bxf6 gxf6 11. Nd5 Bg7 12. g3 O-O 13. Qh5 Qa5+ 14. c3 b4 15. Nc4
Qc5 16. Ncb6 bxc3 17. bxc3 Be6 18. Bh3 Ra7 19. Bf5 Bxf5 20. Qxf5 Ne7 21. Nxe7+
Rxe7 22. Nd5 Rb7 23. O-O Qc8 24. Qf3 Qe6 25. Qd3 Rfb8 26. Ne3 a5 27. Rfb1 Qc8
28. Rxb7 Rxb7 29. Qxd6 Qxc3 30. Qd8+ Bf8 31. Rd1 Qc6 32. Nf5 Qb6 33. Qd2 Rb8 34.
Qe2 Rd8 35. Rxd8 Qxd8 36. Ne3 a4 37. Qg4+ Kh8 38. Nd5 a3 39. Kg2 Qd6 40. Qf5 Kg7
41. h4 Qe6 1/2-1/2

[Event "2nd Longtou Cup 2019"]
[Site "Qinhuangdao CHN"]
[Date "2019.04.18"]
[Round "3.1"]
[White "Dai, Changren"]
[Black "Zvjaginsev, Vadim"]
[Result "1-0"]
[WhiteTitle "IM"]
[BlackTitle "GM"]
[WhiteElo "2472"]
[BlackElo "2641"]
[WhiteFideId "8608156"]
[BlackFideId "4113403"]
[EventDate "2019.04.16"]

1. e4 e6 2. d4 d5 3. Nc3 Nf6 4. e5 Nfd7 5. Nce2 c5 6. c3 b5 7. Nf3 b4 8. cxb4 c4
9. a3 a5 10. b5 a4 11. Nc3 Nb6 12. h4 Bd7 13. h5 h6 14. g4 Ra5 15. g5 hxg5 16.
Nxg5 Bxb5 17. Qg4 Qd7 18. Rh3 Nc6 19. Bd2 Ba6 20. Rf3 Nd8 21. Be2 Nc8 22. Bd1
Ne7 23. Ne2 Qb5 24. Bxa5 Qxa5+ 25. Nc3 Bb5 26. Bc2 Bd7 27. Nh7 Nf5 28. Nxf8 Kxf8
29. O-O-O Nc6 30. Bxf5 exf5 31. Qg5 Qd8 32. Qg2 Be6 33. Rg3 Qh4 34. Nxd5 Qxh5
35. Nc3 Qh6+ 36. f4 Qxf4+ 37. Kb1 Bd7 38. Qd5 Qxg3 39. Qxd7 g6 40. Qxc6 Rh2 41.
Qxc4 Qg2 42. Qb4+ Kg7 43. d5 Qc2+ 44. Ka1 Rd2 45. Rxd2 Qxd2 46. e6 fxe6 47. Qe7+
Kh6 48. d6 1-0

[Event "2nd Longtou Cup 2019"]
[Site "Qinhuangdao CHN"]
[Date "2019.04.18"]
[Round "3.2"]
[White "Oparin, Grigoriy"]
[Black "Nie, Xinyang"]
[Result "1-0"]
[WhiteTitle "GM"]
[WhiteElo "2624"]
[BlackElo "2346"]
[WhiteFideId "24125890"]
[BlackFideId "8607222"]
[EventDate "2019.04.16"]

1. Nf3 d5 2. g3 Bg4 3. Bg2 Nd7 4. c4 e6 5. cxd5 exd5 6. O-O Ngf6 7. Nc3 c6 8. d3
Bd6 9. h3 Bxf3 10. Bxf3 O-O 11. e4 dxe4 12. dxe4 Nc5 13. Be3 Ne6 14. Re1 Be5 15.
Bg2 Qa5 16. Qb3 Nd4 17. Bxd4 Bxd4 18. Rad1 Qe5 19. Kf1 Rad8 20. f4 Qa5 21. e5
Bxc3 22. Qxc3 Qa6+ 23. Kf2 Nd5 24. Qb3 Nc7 25. a3 Ne6 26. Qb4 g6 27. Bf3 b5 28.
Qc3 c5 29. Bd5 Qb6 30. Bxe6 Qxe6 31. g4 c4 32. Qf3 Qe7 33. Qe3 Rxd1 34. Rxd1 Rd8
35. Rxd8+ Qxd8 36. f5 Qc7 37. Qd4 a5 38. Qd5 c3 39. Qa8+ Kg7 40. f6+ Kh6 41. Qe4
g5 42. h4 Qd7 43. hxg5+ Kxg5 44. Kg3 h5 45. Qf4+ Kg6 46. bxc3 1-0

[Event "2nd Longtou Cup 2019"]
[Site "Qinhuangdao CHN"]
[Date "2019.04.18"]
[Round "3.3"]
[White "Peng, Hongchi"]
[Black "Xu, Yinglun"]
[Result "1/2-1/2"]
[BlackTitle "GM"]
[WhiteElo "2347"]
[BlackElo "2532"]
[WhiteFideId "8609047"]
[BlackFideId "8604940"]
[EventDate "2019.04.16"]

1. e4 c5 2. Nf3 d6 3. d4 cxd4 4. Nxd4 Nf6 5. Nc3 a6 6. f3 e6 7. g4 h6 8. Be3 b5
9. a3 Nbd7 10. Qd2 Bb7 11. O-O-O Rc8 12. h4 d5 13. Bh3 b4 14. axb4 Bxb4 15. g5
Ne5 16. gxf6 Bxc3 17. bxc3 Nc4 18. Qe1 Qa5 19. Kb1 Na3+ 20. Kc1 Nc4 1/2-1/2

[Event "2nd Longtou Cup 2019"]
[Site "Qinhuangdao CHN"]
[Date "2019.04.18"]
[Round "3.5"]
[White "Yilmaz, Mustafa"]
[Black "Peng, Xiongjian"]
[Result "1-0"]
[WhiteTitle "GM"]
[WhiteElo "2631"]
[BlackElo "2459"]
[WhiteFideId "6302718"]
[BlackFideId "8610550"]
[EventDate "2019.04.16"]

1. d4 Nf6 2. c4 e6 3. Nf3 b6 4. g3 Bb4+ 5. Bd2 Be7 6. Bg2 c6 7. Bc3 d5 8. Nfd2
a5 9. b3 Ba6 10. e4 b5 11. e5 Nfd7 12. O-O Nb6 13. Qg4 O-O 14. Bxa5 bxc4 15.
bxc4 Bxc4 16. Nxc4 dxc4 17. Bd2 f5 18. exf6 Bxf6 19. Be3 Nd5 20. Nd2 Ra4 21. Ne4
Qe7 22. Nc5 Nxe3 23. fxe3 Ra3 24. Rab1 Ra7 25. Nxe6 Re8 26. e4 Nd7 27. Bh3 g6
28. e5 Bh8 29. Qe2 Nf8 30. Nc5 Bg7 31. Qxc4+ Kh8 32. a4 Qg5 33. Rf4 Bh6 34. Rbf1
Qd8 35. R4f3 Qa5 36. Ne4 Rea8 37. Nf6 1-0

[Event "2nd Longtou Cup 2019"]
[Site "Qinhuangdao CHN"]
[Date "2019.04.18"]
[Round "3.6"]
[White "Li, Yunshan"]
[Black "Antipov, Mikhail Al."]
[Result "0-1"]
[WhiteTitle "WFM"]
[BlackTitle "GM"]
[WhiteElo "2191"]
[BlackElo "2605"]
[WhiteFideId "8607664"]
[BlackFideId "4107012"]
[EventDate "2019.04.16"]

1. d4 Nf6 2. c4 e6 3. g3 c5 4. d5 exd5 5. cxd5 d6 6. Nc3 g6 7. Bg2 Bg7 8. Nf3
O-O 9. O-O Re8 10. Re1 a6 11. a4 Ne4 12. Nxe4 Rxe4 13. Qc2 Rb4 14. Ra2 Qe8 15.
Nd2 b5 16. axb5 Qxb5 17. b3 a5 18. Ba3 Na6 19. Qd1 Bd7 20. Bxb4 Nxb4 21. Ra3 Bb2
22. Ra4 Qa6 23. Qb1 Bc3 24. Ne4 Bxe1 25. Nf6+ Kg7 26. Nxd7 Bc3 27. Qc1 Bf6 28.
Nxf6 Kxf6 29. Qc3+ Ke7 30. Bf1 Qc8 31. e4 f6 32. f4 Kf7 33. Ra1 a4 34. bxa4 Qe8
35. Re1 Qxa4 36. e5 Qc2 37. Qf3 Ra2 38. Re2 Qd1 39. Kg2 Nc2 40. Qf2 dxe5 41.
fxe5 Qxd5+ 42. Kg1 Qd4 43. Qxd4 cxd4 44. Rf2 d3 45. Rxf6+ Ke7 46. Bxd3 Ne3 47.
Rb6 Rg2+ 48. Kh1 Rd2 49. Rb7+ Ke6 50. Rb6+ Kxe5 51. Rb5+ Kd4 52. h4 Kxd3 53. h5
Ke4 54. h6 Kf3 55. Rb3 Re2 56. g4 Kxg4 57. Rb7 Kg3 0-1

[Event "2nd Longtou Cup 2019"]
[Site "Qinhuangdao CHN"]
[Date "2019.04.18"]
[Round "3.7"]
[White "Can, Emre"]
[Black "Zhang, Ziji"]
[Result "1/2-1/2"]
[WhiteTitle "GM"]
[WhiteElo "2599"]
[BlackElo "2414"]
[WhiteFideId "6302181"]
[BlackFideId "8609470"]
[EventDate "2019.04.16"]

1. d4 d5 2. c4 e6 3. Nf3 Nf6 4. g3 dxc4 5. Bg2 c5 6. O-O Nc6 7. Qa4 Bd7 8. Qxc4
b5 9. Qd3 c4 10. Qc2 Be7 11. e4 O-O 12. Rd1 Rc8 13. Qe2 Re8 14. Ne5 h6 15. a4 a6
16. Be3 Qc7 17. axb5 axb5 18. Nxd7 Qxd7 19. Nc3 Nb4 20. d5 Nd3 21. Ra7 Rc7 22.
dxe6 fxe6 23. Rxc7 Qxc7 24. Nxb5 Qb7 25. b3 Qxb5 26. bxc4 Qxc4 27. Qxd3 Qxd3 28.
Rxd3 Ng4 29. Ba7 Ra8 30. Rd7 Kf8 31. Rb7 Rc8 32. Bh3 h5 33. Kg2 Rc2 34. Rb3 Ke8
35. Bd4 g5 36. Bxg4 hxg4 37. h3 gxh3+ 38. Kxh3 Rc4 39. Rd3 e5 40. Bxe5 Rxe4 41.
f4 gxf4 42. gxf4 Kf7 43. Kg4 Ke6 44. Bc7 Rc4 45. Re3+ Kf7 46. Be5 Bf6 47. Bd6
Rd4 48. Ba3 Ra4 49. Rb3 Be7 50. Bc1 Rb4 51. Rc3 Ra4 52. Rc7 Ke6 53. Rc6+ Kf7 54.
Bb2 Rb4 55. Be5 Ra4 56. Kf5 Ra5 57. Rh6 Rb5 58. Rh7+ Ke8 59. Kg6 Rb6+ 60. Kf5
Rb5 61. Rg7 Kf8 62. Rh7 1/2-1/2

[Event "2nd Longtou Cup 2019"]
[Site "Qinhuangdao CHN"]
[Date "2019.04.18"]
[Round "3.8"]
[White "Zou, Chen"]
[Black "Oleksiyenko, Mykhaylo"]
[Result "1/2-1/2"]
[WhiteTitle "FM"]
[BlackTitle "GM"]
[WhiteElo "2397"]
[BlackElo "2598"]
[WhiteFideId "8610959"]
[BlackFideId "4152417"]
[EventDate "2019.04.16"]

1. d4 Nf6 2. c4 g6 3. Nc3 Bg7 4. e4 d6 5. Nf3 O-O 6. h3 e5 7. d5 a5 8. Bg5 Na6
9. g4 Nc5 10. Nd2 c6 11. Be2 Bd7 12. Be3 a4 13. h4 Qa5 14. Kf1 a3 15. Nb3 Nxb3
16. axb3 Qb4 17. Bd2 axb2 18. Rb1 Ra1 19. g5 Nh5 20. Bxh5 gxh5 21. Kg2 b5 22.
dxc6 Bxc6 23. Rxa1 bxa1=Q 24. Qxa1 bxc4 25. Qa6 Bb7 26. Qxc4 Qxc4 27. bxc4 Rc8
28. Rb1 Ba6 29. Nd5 Bf8 30. Nf6+ Kh8 31. c5 Rxc5 32. Nd7 Rc8 33. Nxf8 Bd3 34.
Rb6 Bxe4+ 35. f3 Bf5 36. Rxd6 Rxf8 37. Bc3 Re8 38. f4 Kg8 39. Bxe5 Bg6 40. Bf6
h6 41. gxh6 Kh7 42. Bg5 Re6 43. Rd7 Kg8 44. Rd8+ Kh7 45. Rf8 f6 46. Bxf6 Re8 47.
Rxe8 Bxe8 48. Bg5 Bg6 49. Kf3 Kg8 50. Ke3 Kf7 51. Kd4 Ke6 52. Kc5 Be4 53. Kb6
Kd7 54. Bf6 Ke6 55. Bg7 Kd7 56. Be5 Bg6 57. Bb2 Be4 58. Bc3 Bh7 59. Kc5 Bg8 60.
f5 Bh7 61. Kd5 Ke7 62. Ke5 Kf7 63. Kf4 Bg8 64. Kg5 Bh7 65. Bb4 Bg8 66. Kxh5 Kf6
67. Kg4 Bh7 68. Bc3+ Kf7 69. Kg5 Ke7 70. h5 Kf7 1/2-1/2

[Event "2nd Longtou Cup 2019"]
[Site "Qinhuangdao CHN"]
[Date "2019.04.18"]
[Round "3.9"]
[White "Idani, Pouya"]
[Black "Tuvsanaa, Nyamaa"]
[Result "1-0"]
[WhiteTitle "GM"]
[BlackTitle "FM"]
[WhiteElo "2590"]
[BlackElo "2212"]
[WhiteFideId "12510130"]
[BlackFideId "4900413"]
[EventDate "2019.04.16"]

1. c4 e5 2. d3 Nf6 3. Nf3 Nc6 4. a3 d5 5. cxd5 Nxd5 6. e3 Be7 7. e4 Nb6 8. Be2
g5 9. h3 h5 10. Be3 Rg8 11. Nh2 Be6 12. Bxh5 Nd4 13. Nd2 Qd6 14. Rc1 O-O-O 15.
Bxd4 Qxd4 16. Qc2 c6 17. Nhf3 Qd6 18. Bg4 Bxg4 19. hxg4 f6 20. Rh7 Rh8 21. Rxh8
Rxh8 22. Nf1 Rh1 23. Ke2 Nd7 24. Ne3 Rxc1 25. Qxc1 Nc5 26. Qc2 Ne6 27. g3 Qd7
28. Nf5 Bc5 29. b4 Bb6 30. Qc4 a6 31. Kf1 Kb8 32. Kg2 Ka8 33. Nd2 Nd4 34. Nb3
Nxf5 35. gxf5 Qh7 36. Nc5 Bxc5 37. Qxc5 Qf7 38. d4 exd4 39. Qxd4 Qe7 40. Kf3 Kb8
41. Qc5 Qd8 42. Kg4 Kc7 43. Qa5+ Kc8 44. Qxd8+ Kxd8 45. f4 1-0

[Event "2nd Longtou Cup 2019"]
[Site "Qinhuangdao CHN"]
[Date "2019.04.18"]
[Round "3.10"]
[White "Ma, Lin"]
[Black "Fang, Yuxiang"]
[Result "1/2-1/2"]
[BlackTitle "GM"]
[WhiteElo "2167"]
[BlackElo "2472"]
[WhiteFideId "8610533"]
[BlackFideId "8605840"]
[EventDate "2019.04.16"]

1. d4 c5 2. d5 e5 3. dxe6 dxe6 4. Qxd8+ Kxd8 5. e4 Nc6 6. c3 Nf6 7. Nd2 Bd6 8.
f3 Bd7 9. Nc4 Bc7 10. a4 Ke7 11. Be3 b6 12. Nh3 h6 13. Be2 g5 14. Nf2 Ne5 15.
Nxe5 Bxe5 16. Nd3 Bc7 17. b4 cxb4 18. cxb4 Rac8 19. O-O Rhg8 20. Rfc1 g4 21. e5
Nd5 22. Bxh6 f6 23. exf6+ Nxf6 24. f4 a5 25. b5 Ne4 26. Nf2 Nxf2 27. Kxf2 e5 28.
g3 exf4 29. Bxf4 Rgf8 30. Rc4 Bxf4 31. Rxf4 Rxf4+ 32. gxf4 Rc2 33. Ke3 Rc3+ 34.
Kd4 Rc2 35. Ke3 Rc3+ 36. Kd4 Rc2 1/2-1/2

[Event "2nd Longtou Cup 2019"]
[Site "Qinhuangdao CHN"]
[Date "2019.04.18"]
[Round "3.11"]
[White "Chen, Qi b"]
[Black "Sarukhanyan, Samvel"]
[Result "1-0"]
[WhiteElo "2424"]
[BlackElo "2038"]
[WhiteFideId "8614733"]
[BlackFideId "24138983"]
[EventDate "2019.04.16"]

1. e4 c5 2. Nf3 d6 3. d4 cxd4 4. Nxd4 Nf6 5. Nc3 a6 6. h3 e6 7. g4 Be7 8. g5
Nfd7 9. Be3 b5 10. a3 Bb7 11. h4 Nc6 12. Qd2 Rc8 13. Nxc6 Bxc6 14. O-O-O Nc5 15.
f3 Qa5 16. Kb1 Na4 17. Nxa4 Qxa4 18. Qe1 d5 19. Rd4 b4 20. axb4 Bb7 21. Rh2 e5
22. b3 Qd7 23. Rd1 d4 24. Bh3 Qb5 25. Bxc8 Bxc8 26. Bd2 Be6 27. Kb2 O-O 28. Ra1
Rc8 29. Qf1 Bc4 30. bxc4 Rxc4 31. Qd3 Bxb4 32. Bxb4 a5 33. Ra3 g6 34. Rh1 a4 35.
Rxa4 1-0

[Event "2nd Longtou Cup 2019"]
[Site "Qinhuangdao CHN"]
[Date "2019.04.18"]
[Round "3.12"]
[White "Otgonjargal, Sengeravdan"]
[Black "Chu, Wei Chao"]
[Result "0-1"]
[WhiteTitle "WIM"]
[BlackTitle "IM"]
[WhiteElo "2162"]
[BlackElo "2387"]
[WhiteFideId "4900790"]
[BlackFideId "8605661"]
[EventDate "2019.04.16"]

1. e4 c5 2. Nf3 d6 3. Bb5+ Nd7 4. c3 Nf6 5. Qe2 a6 6. Ba4 e5 7. O-O Be7 8. d4 b5
9. Bc2 O-O 10. Nbd2 Qc7 11. dxe5 dxe5 12. Re1 c4 13. Nf1 Bb7 14. Ng3 Nc5 15. b4
Nd3 16. Bxd3 cxd3 17. Qd2 Rfd8 18. Bb2 Ne8 19. Qe3 Nd6 20. Qxd3 Nxe4 21. Qe3
Nxg3 22. hxg3 f6 23. g4 Qc4 24. g5 Rd3 25. Qe2 Bxf3 26. gxf3 Rad8 27. gxf6 Bxf6
28. Qe4 Qf7 29. Kg2 R3d6 30. Rh1 h6 31. Bc1 Rd3 32. Bb2 Bg5 33. c4 bxc4 34. Bxe5
Bf6 35. Bxf6 Qxf6 36. Rac1 R8d4 37. Qe8+ Kh7 38. Rh3 Rd2 39. a4 Rg4+ 40. Kh1 Rh4
41. Kg2 Qg5+ 42. Rg3 Rxf2+ 43. Kxf2 Rh2+ 0-1

[Event "2nd Longtou Cup 2019"]
[Site "Qinhuangdao CHN"]
[Date "2019.04.18"]
[Round "3.13"]
[White "Zhao, Chenxi"]
[Black "Li, Guohao"]
[Result "1-0"]
[WhiteElo "2367"]
[BlackElo "2098"]
[WhiteFideId "8611513"]
[BlackFideId "8619999"]
[EventDate "2019.04.16"]

1. e4 c6 2. d4 d5 3. exd5 cxd5 4. Bd3 Nc6 5. c3 Nf6 6. Ne2 Bg4 7. O-O e6 8. Qe1
Bxe2 9. Qxe2 Bd6 10. Nd2 Qc7 11. Nf3 O-O 12. Re1 h6 13. Ne5 Bxe5 14. dxe5 Nd7
15. f4 Rad8 16. Be3 b6 17. Rad1 Ne7 18. Bb1 Rfe8 19. Qh5 Nf8 20. Bd4 Nc6 21. Bf2
Rd7 22. Rd3 Ne7 23. Rf3 b5 24. b4 Qc8 25. Bd4 Qd8 26. Ref1 Nc6 27. Bc5 d4 28.
Be4 Qc8 29. Rg3 Kh8 30. f5 exf5 31. Bxf8 1-0